[Event "Titled Tue 24th Jun Early"]
[Site "chess.com INT"]
[Date "2025.06.24"]
[Round "7"]
[White "Zhakshylykov, Erzhan"]
[Black "Askarov, Bakhtiyar"]
[Result "1-0"]
[WhiteTitle "IM"]
[BlackTitle "IM"]
[WhiteElo "2362"]
[BlackElo "2297"]
[WhiteFideId "13804111"]
[BlackFideId "13701100"]
[EventDate "2025.06.24"]

1. c4 Nf6 2. Nc3 g6 3. d4 Bg7 4. Nf3 O-O 5. Bg5 h6 6. Bh4 d6 7. e3 c5 8. d5 Bg4
9. Qc2 a6 10. Nd2 Bf5 11. e4 Bc8 12. Be2 Nbd7 13. O-O g5 14. Bg3 Ne5 15. Bxe5
dxe5 16. Rfe1 Ne8 17. Nf1 Nd6 18. Ng3 Rb8 19. a4 a5 20. b3 b6 21. h3 Bd7 22. Bg4
Qc7 23. Qe2 Rbd8 24. Bxd7 Qxd7 25. Nd1 f5 26. Nxf5 Nxf5 27. exf5 Rxf5 28. Qg4 e4
29. Ra2 Rf4 30. Qxd7 Rxd7 31. g3 Rf3 32. Re3 Bd4 33. Rxf3 exf3 34. Rd2 e6 35.
dxe6 Re7 36. Rd3 Rxe6 37. Kf1 Re2 38. Rxf3 Rd2 39. Ne3 Rd3 40. Kg2 Rxb3 41. Nd5
Rb2 42. h4 gxh4 43. gxh4 Kg7 44. h5 Rc2 45. Nxb6 Ra2 46. Kg3 Rb2 47. Nd5 Ra2 48.
Nc7 Rxa4 49. Ne6+ Kg8 50. Rf8+ Kh7 51. Rf7+ Kg8 52. Ra7 Rxc4 53. Rxa5 Rc3+ 54.
f3 Be5+ 55. Kg4 Bd4 56. f4 Kf7 57. Kf5 1-0

[Event "Titled Tue 24th Jun Early"]
[Site "chess.com INT"]
[Date "2025.06.24"]
[Round "7"]
[White "Kawka, Milena"]
[Black "Suarez, Sebastian"]
[Result "0-1"]
[WhiteTitle "WCM"]
[WhiteElo "2003"]
[BlackElo "2161"]
[WhiteFideId "21095167"]
[BlackFideId "30979080"]
[EventDate "2025.06.24"]

1. Nf3 g6 2. e3 Bg7 3. d4 Nf6 4. Bd3 O-O 5. O-O d6 6. b3 b6 7. Bb2 Bb7 8. Nbd2
Nbd7 9. e4 Re8 10. d5 e5 11. dxe6 Rxe6 12. Re1 Ne5 13. Nxe5 dxe5 14. Nc4 Nd7 15.
Qe2 Re8 16. Rad1 Qe7 17. Ba3 Qf6 18. Ne3 Bf8 19. Bxf8 Nxf8 20. c3 Rad8 21. g3
Ne6 22. Ng4 Qg7 23. Bc4 Nc5 24. f3 h5 25. Ne3 Qf6 26. b4 Ne6 27. Kg2 Ng7 28. a4
Rxd1 29. Rxd1 Rd8 30. Bd5 c6 31. Bc4 Ne8 32. Bd3 Qe7 33. Nc4 Nd6 34. Nxd6 Rxd6
35. Bc4 Qd8 36. Rxd6 Qxd6 37. Qa2 Qd7 38. a5 Bc8 39. axb6 axb6 40. Qe2 c5 41.
Bd5 Bb7 42. Bxb7 Qxb7 43. Qc4 Qc7 44. bxc5 Qxc5 45. Qxc5 bxc5 46. Kf2 Kf8 47.
Ke2 c4 48. Kd2 Ke7 49. Kc2 Kd6 50. Kb2 Kc5 51. Ka3 Kb5 52. f4 exf4 53. gxf4 f6
54. h4 Ka5 55. e5 fxe5 56. fxe5 Kb5 57. e6 Kc6 58. Ka4 Kd6 59. Kb4 Kxe6 60. Kxc4
g5 61. hxg5 h4 62. Kb5 h3 63. c4 h2 64. c5 h1=Q 65. c6 Kd6 66. Kb6 Qxc6+ 0-1

[Event "Titled Tue 24th Jun Early"]
[Site "chess.com INT"]
[Date "2025.06.24"]
[Round "7"]
[White "Seiger, Vidar"]
[Black "Ivashentseva, Dominika"]
[Result "1-0"]
[WhiteTitle "CM"]
[BlackTitle "WCM"]
[WhiteElo "2224"]
[BlackElo "1969"]
[WhiteFideId "1756079"]
[BlackFideId "34331050"]
[EventDate "2025.06.24"]

1. e4 c5 2. Nf3 Nc6 3. Bb5 g6 4. Bxc6 bxc6 5. O-O Bg7 6. c3 Nh6 7. h3 O-O 8. d4
cxd4 9. cxd4 d5 10. e5 f6 11. exf6 exf6 12. Nc3 Nf7 13. Re1 Qc7 14. Qc2 Bf5 15.
Nxd5 Qd6 16. Qxc6 Qxc6 17. Ne7+ Kh8 18. Nxc6 Rfe8 19. Bf4 Be4 20. Na5 Bxf3 21.
gxf3 f5 22. Nb3 g5 23. Bd2 Nd6 24. Bc3 Nb5 25. Rxe8+ Rxe8 26. Kf1 h5 27. a4 Nd6
28. Nc5 g4 29. hxg4 fxg4 30. fxg4 hxg4 31. Re1 Rf8 32. Ne6 Rf3 33. Nxg7 Kxg7 34.
d5+ Kf7 35. Kg2 Nf5 36. Re4 Nh4+ 37. Kg1 Rd3 38. Rxg4 Nf3+ 39. Kg2 Nd2 40. Rg7+
Ke8 41. Rxa7 Rxd5 42. Bxd2 Rxd2 43. Rb7 Rd4 44. b4 Kd8 45. a5 Kc8 46. Rb6 Rd1
47. f4 Kc7 48. Kg3 Rg1+ 49. Kf3 Rf1+ 50. Kg4 Re1 51. Kf5 Kd7 52. Kf6 Rh1 53. f5
Kc7 54. Kg7 Kd7 55. a6 Rg1+ 56. Kf7 Kc7 57. Rb7+ Kc6 58. b5+ Kc5 59. a7 Ra1 60.
b6 Rf1 61. f6 Rf5 62. a8=Q Rxf6+ 63. Kxf6 Kc4 64. Qa4+ Kc3 65. Rc7+ Kb2 66. Qd4+
Kb1 67. Qd3+ Ka1 68. Rc1+ Ka2 69. Rc2+ Ka1 70. Qd1# 1-0

[Event "Titled Tue 24th Jun Early"]
[Site "chess.com INT"]
[Date "2025.06.24"]
[Round "7"]
[White "Adhiban, Baskaran"]
[Black "Wan, Yunguo"]
[Result "0-1"]
[WhiteTitle "GM"]
[BlackTitle "GM"]
[WhiteElo "2509"]
[BlackElo "2501"]
[WhiteFideId "5018471"]
[BlackFideId "8603189"]
[EventDate "2025.06.24"]

1. d4 Nf6 2. c4 e6 3. Nf3 d5 4. Nc3 c6 5. Bg5 Nbd7 6. e3 Qa5 7. cxd5 Nxd5 8. Qd2
h6 9. Bh4 Bb4 10. Rc1 Nxc3 11. bxc3 Ba3 12. Rb1 b6 13. Bd3 Ba6 14. c4 Qxd2+ 15.
Nxd2 Be7 16. Bg3 c5 17. O-O O-O 18. Rfc1 Rfd8 19. Bf1 Nf6 20. Nb3 Ne4 21. Rc2
Rac8 22. Rbc1 Bb7 23. Be2 Nxg3 24. hxg3 Be4 25. Rd2 Kf8 26. Bf3 Bxf3 27. gxf3
cxd4 28. exd4 Ba3 29. Rcc2 a5 30. Rd3 a4 31. Nc1 Bb4 32. f4 g5 33. Ne2 b5 34. c5
Rxc5 35. Rb2 Rc4 36. a3 Be7 37. fxg5 b4 38. axb4 Rxb4 39. Rxb4 Bxb4 40. gxh6 a3
41. Nc1 Ke7 42. g4 Bd6 43. Kf1 Kf6 44. Ke2 Kg6 45. Rh3 Rc8 46. Kd1 Kh7 47. Rf3
Kg8 48. g5 Be7 49. h7+ Kg7 50. Na2 Rf8 51. Rh3 Rh8 52. Kc2 Rxh7 53. Rxh7+ Kxh7
54. f4 Kg6 55. Kd3 Kf5 56. Nc3 Kxf4 57. d5 Bxg5 58. dxe6 fxe6 59. Kc2 Be7 60.
Kb3 Bf8 61. Nb5 e5 62. Nc7 Kf3 63. Ne6 Be7 64. Nc7 e4 65. Nd5 Bf8 66. Nf6 e3 67.
Nd7 Bd6 68. Ne5+ Bxe5 0-1

[Event "Titled Tue 24th Jun Early"]
[Site "chess.com INT"]
[Date "2025.06.24"]
[Round "7"]
[White "Duarte Cramer, Lily Jeanette"]
[Black "Sayce, Hannah"]
[Result "1-0"]
[WhiteTitle "WCM"]
[BlackTitle "WCM"]
[WhiteElo "1828"]
[BlackElo "1877"]
[WhiteFideId "29620180"]
[BlackFideId "3250695"]
[EventDate "2025.06.24"]

1. d4 Nf6 2. c4 e6 3. Nc3 Bb4 4. Qc2 O-O 5. a3 Bxc3+ 6. Qxc3 Ne4 7. Qc2 f5 8.
Nf3 d6 9. h4 Nd7 10. Ng5 Nef6 11. f3 Qe7 12. Bd2 b6 13. Rg1 h6 14. Nh3 Bb7 15.
Nf4 Qe8 16. g4 e5 17. dxe5 Nxe5 18. O-O-O fxg4 19. fxg4 Be4 20. Qc3 Nfxg4 21.
Bh3 Nf6 22. Ne6 Rf7 23. Bxh6 Nh5 24. Qe3 Bg6 25. Bg5 Nxc4 26. Qd4 Qb5 27. e4 Qa4
28. Bd2 Re8 29. Rxg6 Nxb2 30. Qxb2 Qc4+ 31. Qc2 Qb5 32. Nd4 Qe5 33. Bc3 Qf4+ 34.
Qd2 Qxe4 35. Rg5 c5 36. Nc2 Nf6 37. Bxf6 Rxf6 38. Qd5+ Qxd5 39. Rgxd5 Rd8 40.
Ne3 Rh6 41. Nf5 Rf6 42. Nxd6 Kh7 43. Nf5 Rdf8 44. h5 R8f7 45. Rd7 g6 46. hxg6+
Kxg6 47. Rxf7 Kxf7 48. Nd6+ Kg6 49. Nc4 b5 50. Nd6 a6 51. Bf1 Kg5 52. Bd3 Kf4
53. Ne4 Ke5 54. Nxf6 Kxf6 55. Bc2 Ke5 56. Kb2 c4 57. Kb1 a5 58. Kb2 b4 59. Rd8
Kf4 60. axb4 axb4 61. Rc8 c3+ 62. Kb3 Ke3 63. Kxb4 Kd2 64. Kb3 Kc1 65. Rxc3 Kd2
66. Bh7 Kd1 67. Rc2 Ke1 68. Kc3 Kd1 69. Kd3 Ke1 70. Ke3 Kd1 71. Be4 1-0

[Event "Titled Tue 24th Jun Early"]
[Site "chess.com INT"]
[Date "2025.06.24"]
[Round "7"]
[White "Bjerre, Jonas Buhl"]
[Black "Pranesh, M"]
[Result "0-1"]
[WhiteTitle "GM"]
[BlackTitle "GM"]
[WhiteElo "2651"]
[BlackElo "2580"]
[WhiteFideId "1444948"]
[BlackFideId "35028600"]
[EventDate "2025.06.24"]

1. e4 Nc6 2. Nf3 e5 3. Bb5 a6 4. Ba4 Nf6 5. d3 d6 6. c4 g5 7. Bxg5 Rg8 8. Rg1
Bg4 9. Bh4 Be7 10. Nc3 Kf8 11. h3 Bxf3 12. Qxf3 Nd4 13. Qd1 c6 14. Ne2 Nxe2 15.
Kxe2 Nh5 16. Bxe7+ Kxe7 17. g3 Qb6 18. Kf1 Ng7 19. b4 Ne6 20. Rb1 Qd4 21. Qf3
Rg6 22. Qe3 Qc3 23. Kg2 Rag8 24. Bd1 Nf4+ 25. Kh2 Qxd3 26. Qxd3 Nxd3 27. Bc2
Nxf2 28. Rbf1 Rf6 29. Kg2 Nxe4 30. Bxe4 h6 31. Rxf6 Kxf6 32. Rd1 Ke6 33. g4 Rd8
34. Bf5+ Ke7 35. Rc1 Ra8 36. Kf3 Rd8 37. Ke4 Kf6 38. Ke3 Kg5 39. Be4 Kh4 40. Rf1
d5 41. cxd5 cxd5 42. Rd1 d4+ 43. Kf3 Rc8 44. Bxb7 Rc3+ 45. Ke2 Rc2+ 46. Kd3 Rxa2
47. Rf1 Rb2 48. Rxf7 Rxb4 49. Bd5 Kxh3 50. Be6 Kg3 51. Rh7 Ra4 52. Rxh6 Ra3+ 53.
Kc4 Rc3+ 54. Kd5 d3 55. Rh1 Kf4 56. Rf1+ Ke3 57. Kxe5 d2 58. Rh1 Rc1 59. Rh3+
Kf2 60. Rh2+ Ke3 61. Bb3 Rb1 62. Rh3+ Kf2 63. Rh2+ Ke3 64. Ba4 Ra1 65. Rh3+ Kf2
66. Bb3 Ra3 67. Rd3 Ke2 68. Bd1+ Kxd3 0-1

[Event "Titled Tue 24th Jun Early"]
[Site "chess.com INT"]
[Date "2025.06.24"]
[Round "7"]
[White "Rushbrooke, Remy"]
[Black "Parfenov, Viktor N."]
[Result "1-0"]
[BlackTitle "CM"]
[WhiteElo "2090"]
[BlackElo "2193"]
[WhiteFideId "443590"]
[BlackFideId "4165969"]
[EventDate "2025.06.24"]

1. Nf3 d5 2. g3 g6 3. Bg2 Bg7 4. d4 Nf6 5. O-O O-O 6. c4 c6 7. cxd5 cxd5 8. Nc3
Ne4 9. Nxe4 dxe4 10. Ne5 Nc6 11. Nxc6 bxc6 12. Bxe4 Qxd4 13. Qxd4 Bxd4 14. Bxc6
Rb8 15. Rd1 Bxb2 16. Rb1 Rb6 17. Bxb2 Rxc6 18. Ba3 Bf5 19. Bxe7 Bxb1 20. Bxf8
Kxf8 21. Rxb1 Rc2 22. a4 Rxe2 23. Rb8+ Kg7 24. Rb7 a6 25. Rb6 Ra2 26. Rxa6 h5
27. h4 f6 28. a5 Kf7 29. Kg2 Ra3 30. Ra7+ Ke6 31. a6 Kf5 32. Ra8 Ra2 33. a7 Ra3
34. Kf1 Ra2 35. Ke1 Ra1+ 36. Ke2 Ra2+ 37. Ke3 Ra3+ 38. Kd4 Ra4+ 39. Kd5 Ra1 40.
Kd6 Rd1+ 41. Ke7 Re1+ 42. Kf7 Ra1 43. Kg7 Ra3 44. Kh6 Ra4 45. Rg8 Rxa7 46. Rxg6
Ra2 47. Kxh5 Rxf2 48. g4+ Ke5 49. Kh6 Ke6 50. h5 Kf7 51. Rg7+ Kf8 52. Kh7 Rg2
53. h6 Rh2 54. Ra7 Rh4 55. Kg6 Rxg4+ 56. Kxf6 Rf4+ 57. Kg6 Rg4+ 58. Kh7 Rg1 59.
Rg7 Rh1 60. Rg3 Ra1 61. Rf3+ Ke7 62. Rf5 Rg1 63. Kh8 Rg6 64. h7 Rg1 65. Rf3 Rg2
66. Ra3 Rg1 67. Ra7+ Kf8 68. Ra8+ Kf7 69. Rg8 Rh1 70. Rg7+ Kf8 71. Rg5 Kf7 72.
Rf5+ Ke6 73. Rf4 Ke7 74. Kg7 Rg1+ 75. Kh6 Rh1+ 76. Kg6 Ke8 77. Rf5 Ke7 78. Rh5
Rg1+ 79. Kf5 Rf1+ 80. Ke4 Rf8 1-0

[Event "Titled Tue 24th Jun Early"]
[Site "chess.com INT"]
[Date "2025.06.24"]
[Round "7"]
[White "Bortnyk, Olexandr"]
[Black "Pranav, V"]
[Result "0-1"]
[WhiteTitle "GM"]
[BlackTitle "GM"]
[WhiteElo "2601"]
[BlackElo "2595"]
[WhiteFideId "14120828"]
[BlackFideId "25060783"]
[EventDate "2025.06.24"]

1. d4 Nf6 2. Nc3 d5 3. Bf4 e6 4. Nb5 Bb4+ 5. c3 Ba5 6. a4 a6 7. Na3 O-O 8. b4
Bb6 9. a5 Ba7 10. e3 Nbd7 11. Bd3 b6 12. axb6 Bxb6 13. Nf3 a5 14. b5 Bb7 15. O-O
c5 16. Ne5 c4 17. Bc2 Nxe5 18. Bxe5 Nd7 19. Bd6 Re8 20. Qh5 f5 21. Qf3 Bc7 22.
Bg3 Rf8 23. Nxc4 Bxg3 24. hxg3 Qc7 25. Na3 Qxc3 26. g4 f4 27. Rfc1 Qb4 28. Qh3
g6 29. g5 Rae8 30. b6 fxe3 31. fxe3 Rf7 32. Rcb1 Qd6 33. Ba4 Ref8 34. Bxd7 Qxd7
35. Nb5 Qc6 36. Nc7 Bc8 37. Qg3 a4 38. Kh2 Rf5 39. Rb5 Qc3 40. Rab1 a3 41. b7
Bxb7 42. Rxb7 a2 43. Nxe6 axb1=Q 44. Rxb1 Re8 45. Qd6 Qc8 46. Rb6 Rf7 47. Rc6
Qd7 48. Qxd7 Rxd7 49. Kg1 Rde7 50. Nf4 Rxe3 51. Nxd5 Re1+ 52. Kh2 Rd8 53. Nf6+
Kf7 54. d5 Re5 55. Rc7+ Re7 56. Rc5 h6 57. Rc6 hxg5 58. Ng4 Rxd5 59. Kg3 Rd3+
60. Kh2 Rd4 61. Kg3 Kg7 62. Rc5 Rd3+ 63. Kh2 Red7 64. Rxg5 R3d5 65. Ne5 R7d6 66.
Kg3 Kf6 67. Nf3 Rxg5+ 0-1

[Event "Titled Tue 24th Jun Early"]
[Site "chess.com INT"]
[Date "2025.06.24"]
[Round "7"]
[White "Ughuzov, Ravan"]
[Black "Ermachenko, Manuel"]
[Result "0-1"]
[WhiteTitle "FM"]
[BlackTitle "CM"]
[WhiteElo "2295"]
[BlackElo "2277"]
[WhiteFideId "13419315"]
[BlackFideId "24560952"]
[EventDate "2025.06.24"]

1. e4 c5 2. Nf3 e6 3. c3 d5 4. e5 d4 5. d3 Nc6 6. g3 Nge7 7. Bg2 Ng6 8. Qe2 Qc7
9. O-O Ncxe5 10. Nxe5 Qxe5 11. Be4 f5 12. f4 Qf6 13. Bg2 Bd6 14. cxd4 cxd4 15.
Nd2 O-O 16. Nc4 Bc7 17. Re1 Rb8 18. b3 b5 19. Ne5 Nxe5 20. fxe5 Qe7 21. a4 b4
22. Bd2 Ba6 23. Rac1 Bb6 24. Rc2 Rfc8 25. Rec1 Rc3 26. Bxc3 bxc3 27. g4 g6 28.
gxf5 gxf5 29. Kh1 Kh8 30. Bf3 Rg8 31. Rf1 Qg5 32. b4 Qe7 33. b5 Bb7 34. Bxb7
Qxb7+ 35. Qf3 Qxf3+ 36. Rxf3 Bc7 37. Re2 Rc8 38. Rf4 Bb6 39. Rc2 Kg7 40. Kg2 Kf7
41. Kf3 h6 42. Rh4 Kg6 43. Rg2+ Kh7 44. Rc2 Rg8 45. a5 Bc5 46. Kf2 Rb8 47. Kf3
Rxb5 48. Ke2 Rb2 49. Kd1 Rb5 50. Ra2 a6 51. Rh3 Rb1+ 52. Kc2 Re1 53. Rf3 Rxe5
54. Rf2 Kg6 55. Ra4 Kf6 56. Rc4 Ke7 57. Kd1 Kd6 58. Re2 Rxe2 59. Kxe2 e5 60. Ra4
Kd5 61. Kd1 e4 62. Kc2 e3 63. Kd1 f4 64. Ke2 Kc6 65. Rc4 Kb5 66. Kf3 Ba7 67. Rc7
Bc5 68. Rb7+ Kxa5 69. Rb1 Bb4 70. Kxf4 e2 71. Kf3 c2 72. Ra1+ Kb5 73. Kxe2 Ba3 0-1

[Event "Titled Tue 24th Jun Early"]
[Site "chess.com INT"]
[Date "2025.06.24"]
[Round "7"]
[White "Cornelisse, Lorelei"]
[Black "Ambartsumova, Karina"]
[Result "1-0"]
[WhiteTitle "WFM"]
[BlackTitle "IM"]
[WhiteElo "2138"]
[BlackElo "2403"]
[WhiteFideId "1087177"]
[BlackFideId "4166299"]
[EventDate "2025.06.24"]

1. f4 Nf6 2. Nf3 g6 3. g3 Bg7 4. Bg2 O-O 5. O-O d5 6. d3 b6 7. c3 Bb7 8. a4 a5
9. Na3 Na6 10. h3 h5 11. Kh2 c5 12. Nc2 Qc8 13. Qe1 e6 14. Ng5 Nc7 15. e4 dxe4
16. dxe4 Ra7 17. Rf2 Qa8 18. e5 Nfe8 19. Na3 Bxg2 20. Rxg2 Nd5 21. Nb5 Rd7 22.
Be3 Nxe3 23. Qxe3 Qd5 24. Ne4 Qd3 25. Qe1 Qc4 26. Nd2 Qd5 27. Ne4 Qc6 28. Qe3
Nc7 29. Nxc7 Qxc7 30. Nd6 Rxd6 31. exd6 Qxd6 32. Rd2 Qc6 33. Qd3 h4 34. gxh4 c4
35. Qg3 Qe4 36. Re1 Qf5 37. Qg4 Qc5 38. Rg1 Kh7 39. Rdg2 Bh6 40. h5 Qxh5 41.
Qxh5 gxh5 42. Kg3 Rd8 43. Rf1 Rd3+ 44. Rf3 h4+ 45. Kf2 Rd2+ 46. Kg1 Rd1+ 47. Kh2
Rb1 48. f5 e5 49. Rff2 Bf4+ 50. Rxf4 exf4 51. Rf2 Kh6 52. Rxf4 Rxb2+ 53. Kg1 Kg5
54. Rxc4 Kxf5 55. Rxh4 Ra2 56. Rc4 f6 57. h4 Kg6 58. Kh1 Kh5 59. Kg1 Rb2 60. Kf1
b5 61. Rc5+ Kxh4 62. Rxb5 Rxb5 63. axb5 a4 64. b6 a3 65. b7 a2 66. b8=Q a1=Q+
67. Ke2 Qxc3 68. Qh8+ Kg5 69. Qg7+ Kf5 70. Qd7+ Ke4 71. Qg4+ Kd5 72. Qd7+ Ke4
73. Qe6+ Qe5 74. Qc4+ Kf5+ 75. Kf3 Kg6 76. Qg8+ Kf5 77. Qg4# 1-0

[Event "Titled Tue 24th Jun Early"]
[Site "chess.com INT"]
[Date "2025.06.24"]
[Round "7"]
[White "Toktomushev, Teimur"]
[Black "Zeliantsova, Kseniya"]
[Result "1-0"]
[WhiteTitle "FM"]
[BlackTitle "WFM"]
[WhiteElo "2390"]
[BlackElo "2062"]
[WhiteFideId "14176726"]
[BlackFideId "13512617"]
[EventDate "2025.06.24"]

1. d4 Nf6 2. c4 g6 3. Nc3 Bg7 4. e4 d6 5. f3 O-O 6. Be3 c6 7. Nge2 a6 8. a4 e5
9. Qd2 Nbd7 10. O-O-O Qa5 11. Kb1 b5 12. Nd5 Qxa4 13. Ne7+ Kh8 14. Nc3 Qb3 15.
Nxc6 bxc4 16. Qc2 Qb6 17. Ne7 Bb7 18. Bxc4 Qd8 19. Ned5 Nxd5 20. Bxd5 Bxd5 21.
Nxd5 Rc8 22. Qa4 Nb6 23. Qb3 Rb8 24. Qa2 Nxd5 25. Qxd5 Qc7 26. Rd2 Qb6 27. Rc1
Rfd8 28. h4 exd4 29. Bxd4 Bxd4 30. Qxd4+ Qxd4 31. Rxd4 Rb6 32. Rcd1 f6 33. R1d2
Kg8 34. Kc2 Kf7 35. Kd3 Ke6 36. Ke3 Rb3+ 37. R4d3 Rxd3+ 38. Kxd3 Rb8 39. Kc4 Rb6
40. b4 Rc6+ 41. Kb3 Rc1 42. Ka4 Ra1+ 43. Kb3 Ke5 44. g3 Rb1+ 45. Ka3 Ra1+ 46.
Kb2 Rf1 47. f4+ Ke6 48. Rd3 Rf2+ 49. Kb3 Rf1 50. Kc4 Re1 51. Kd4 Rb1 52. Kc3 Re1
53. Rd4 Re3+ 54. Rd3 Re1 55. Kb3 Rxe4 56. Ka4 Re1 57. Ka5 Ra1+ 58. Kb6 Ra4 59.
Rd4 Ra3 60. Rc4 Rxg3 61. Kxa6 Rb3 62. b5 Kd5 63. Rc7 Ke4 64. b6 d5 65. Rxh7 d4
66. Rd7 d3 67. b7 Kxf4 68. Rxd3 Rxd3 69. b8=Q+ Kg4 70. Qb4+ Kh5 71. Qe4 Ra3+ 72.
Kb5 f5 73. Qf4 1-0

[Event "Titled Tue 24th Jun Early"]
[Site "chess.com INT"]
[Date "2025.06.24"]
[Round "7"]
[White "Al-Tarboush, Ward"]
[Black "Jimenez Salas, Maria Teresa"]
[Result "0-1"]
[WhiteTitle "FM"]
[BlackTitle "WIM"]
[WhiteElo "2223"]
[BlackElo "2170"]
[WhiteFideId "7601450"]
[BlackFideId "3843866"]
[EventDate "2025.06.24"]

1. e4 c5 2. Nf3 Nc6 3. d4 cxd4 4. Nxd4 Nf6 5. Nc3 d6 6. Bg5 e6 7. Qd2 a6 8.
O-O-O Bd7 9. f4 h6 10. Bh4 Nxe4 11. Qe1 Nf6 12. Nf5 Qa5 13. Nxd6+ Bxd6 14. Rxd6
O-O-O 15. Bd3 Qc5 16. Bxf6 gxf6 17. Ne4 Qb6 18. Nxf6 Qc7 19. Rxd7 Rxd7 20. Nxd7
Qxf4+ 21. Kb1 Kxd7 22. Rf1 Qxh2 23. Rxf7+ Kd6 24. Bc4 Qe5 25. Qh4 b5 26. Bd3 Rg8
27. a4 Rxg2 28. axb5 Rg1+ 29. Ka2 axb5 30. Qxh6 Qd5+ 31. b3 Nb4+ 32. Ka3 Nxc2+
33. Kb2 Qd4+ 34. Kxc2 Rg2+ 35. Qd2 Rxd2+ 36. Kxd2 Qb2+ 37. Bc2 Qd4+ 38. Kc1 Qg1+
39. Kb2 Qd4+ 40. Kb1 Qe3 41. Rf1 Qe2 42. Rg1 Kc5 43. Rc1 Kb4 44. Kb2 Qe5+ 45.
Ka2 Qd4 46. Rd1 Qa7+ 47. Kb2 Qa3+ 48. Kb1 Qa7 49. Kb2 e5 50. Re1 Qd4+ 51. Kb1
Ka3 52. Kc1 Qc3 53. Re4 b4 54. Kd1 Qa1+ 55. Kd2 Qg1 56. Re1 Qd4+ 57. Kc1 Qc3 58.
Re2 e4 59. Rxe4 Qf3 60. Re1 Qf4+ 61. Kd1 Qd4+ 62. Ke2 Qc3 63. Bd1 Kb2 64. Kf1
Qf6+ 65. Kg2 Qg5+ 66. Kf2 Qf4+ 67. Ke2 Qe4+ 68. Kf1 Qf4+ 69. Kg2 Qg5+ 70. Kh2
Qh4+ 71. Kg2 Qxe1 72. Bf3 Qd2+ 73. Kg3 Qc3 74. Kf4 Kxb3 0-1

[Event "Titled Tue 24th Jun Early"]
[Site "chess.com INT"]
[Date "2025.06.24"]
[Round "7"]
[White "Aaron, Deepak"]
[Black "Causo, Deniel"]
[Result "1/2-1/2"]
[BlackTitle "FM"]
[WhiteElo "2318"]
[BlackElo "2224"]
[WhiteFideId "2009412"]
[BlackFideId "5203660"]
[EventDate "2025.06.24"]

1. e4 d5 2. exd5 Nf6 3. Nf3 Bg4 4. Be2 Qxd5 5. h3 Bh5 6. O-O Nc6 7. c4 Qf5 8. d4
O-O-O 9. d5 e6 10. Nh4 Bxe2 11. Qxe2 Qe5 12. Qxe5 Nxe5 13. dxe6 fxe6 14. b3 Bc5
15. Be3 Bxe3 16. fxe3 Rd3 17. Na3 Rxe3 18. Rae1 Rxe1 19. Rxe1 Nfd7 20. Nb5 a6
21. Nd4 Re8 22. c5 Kd8 23. b4 Nd3 24. Nxe6+ Kc8 25. Rd1 Nxb4 26. Nxg7 Re2 27. a3
Nc6 28. Rf1 Kb8 29. Nh5 Nxc5 30. Rf8+ Ka7 31. Rf7 Ne6 32. Rxh7 Ncd4 33. Nf6 c5
34. Ne8 Nc6 35. Nd6 Ncd8 36. Nhf5 Kb6 37. Ne7 Ka5 38. Nd5 b5 39. Nc3 Rc2 40.
Nce4 Nf4 41. Rg7 Nde6 42. Rg4 Ka4 43. Ng5 c4 44. Nxe6 Nxe6 45. h4 Kxa3 46. h5
Rd2 47. h6 Nf8 48. Nf5 c3 49. Ne3 c2 50. Nxc2+ Rxc2 51. Rg8 Nh7 52. Rg7 Nf6 53.
Rg6 Nh7 54. Rxa6+ Kb4 55. Ra7 Nf6 56. Rf7 Rc6 57. h7 Nxh7 58. Rxh7 Kc3 59. Rb7
b4 60. Kh2 b3 61. g4 Rc4 62. Kg3 Rb4 63. Rc7+ Kd2 64. Rd7+ Ke3 65. Rd1 b2 66.
Rb1 Ke4 67. Kh4 Kf3 68. Kh5 Kf4 69. g5 Kf5 70. Kh6 Rh4+ 71. Kg7 Rh2 72. g6 Rg2
73. Kf7 Rxg6 74. Rf1+ Ke4 75. Kxg6 Kd3 76. Rb1 Kc2 77. Rxb2+ Kxb2 1/2-1/2

[Event "Titled Tue 24th Jun Early"]
[Site "chess.com INT"]
[Date "2025.06.24"]
[Round "7"]
[White "Steinberg, Nitzan"]
[Black "Ratkovic, Miloje"]
[Result "1/2-1/2"]
[WhiteTitle "GM"]
[BlackTitle "GM"]
[WhiteElo "2554"]
[BlackElo "2489"]
[WhiteFideId "2801795"]
[BlackFideId "914517"]
[EventDate "2025.06.24"]

1. Nf3 d6 2. d4 Nf6 3. Nc3 Nbd7 4. e4 e5 5. Bc4 Be7 6. a4 O-O 7. O-O c6 8. h3 h6
9. Re1 Re8 10. b3 Bf8 11. Bb2 exd4 12. Qxd4 Ne5 13. Be2 Ng6 14. Bf1 Qa5 15. Rad1
Qh5 16. Nh2 Nf4 17. Qe3 Qg5 18. Kh1 Ng6 19. g3 Qxe3 20. Rxe3 Be6 21. f4 d5 22.
e5 Ne4 23. Nxe4 dxe4 24. Bg2 Rad8 25. Rde1 Bb4 26. Bc3 Bc5 27. R3e2 Ne7 28. Nf1
Nd5 29. Bd2 Bb4 30. Bxb4 Nxb4 31. Kh2 a5 32. Bxe4 Bd5 33. Nd2 g6 34. g4 Kg7 35.
Kg3 Bxe4 36. Nxe4 Re7 37. Nd6 Nd5 38. Re4 Kf8 39. h4 Nc3 40. R4e3 Nd5 41. Re4
Nc3 42. Rc4 Rxd6 43. Rxc3 Rd2 44. f5 gxf5 45. gxf5 f6 46. e6 Rg7+ 47. Kf3 Rdg2
48. Rce3 R7g4 49. h5 Ke7 50. R1e2 R4g3+ 51. Ke4 Rg4+ 52. Kd3 Rxe2 53. Kxe2 Rg5
54. Rf3 Rxh5 55. Rf2 Rh3 56. Rg2 Rh5 57. Rg7+ Ke8 58. Rg8+ Ke7 59. Rg7+ Ke8 60.
Rxb7 Rxf5 61. Kd3 Re5 62. Rh7 Rxe6 63. Rxh6 Kd7 64. Rh5 Re5 65. Rxe5 fxe5 66.
Kc4 Kd6 67. c3 c5 68. Kd3 Kd5 69. Ke3 c4 70. b4 axb4 71. cxb4 e4 72. a5 c3 73.
a6 Kc6 74. b5+ Kb6 75. Ke2 Ka7 76. Ke3 Kb6 77. Ke2 Ka7 78. Ke3 Kb6 1/2-1/2

[Event "Titled Tue 24th Jun Early"]
[Site "chess.com INT"]
[Date "2025.06.24"]
[Round "7"]
[White "Diachek, Andrii"]
[Black "Hernandez Jimenez, Alexander Andres"]
[Result "1/2-1/2"]
[WhiteTitle "CM"]
[BlackTitle "FM"]
[WhiteElo "2177"]
[BlackElo "2069"]
[WhiteFideId "34106499"]
[BlackFideId "3900452"]
[EventDate "2025.06.24"]

1. c4 Nf6 2. Nc3 e6 3. Nf3 c5 4. e3 b6 5. d4 Bb7 6. d5 d6 7. e4 e5 8. h3 g6 9.
Be3 Bg7 10. Qd2 O-O 11. g4 a6 12. Bd3 b5 13. cxb5 axb5 14. Bxb5 Ba6 15. Bxa6
Nxa6 16. O-O Qb6 17. b3 Qb4 18. Qc2 Rfc8 19. Nd2 Qb8 20. Nc4 Nd7 21. a3 Nb6 22.
Na5 Qc7 23. Nc6 Nb8 24. Nxb8 Rcxb8 25. Nb5 Qd7 26. a4 Kh8 27. b4 cxb4 28. Qc6
Qxc6 29. dxc6 Nc4 30. Rfc1 Nxe3 31. fxe3 Bf8 32. c7 Rc8 33. Rc4 Kg7 34. Kf2 f6
35. Rd1 Rxa4 36. Nxd6 Ra2+ 37. Kf3 Bxd6 38. Rxd6 b3 39. Rd7+ Kh6 40. Rd8 Raa8
41. Rxc8 Rxc8 42. Rb4 Rxc7 43. Rxb3 Kg5 44. Kg3 h5 45. h4+ Kh6 46. gxh5 Kxh5 47.
Rb8 Kh6 48. Rh8+ Kg7 49. Rd8 Rc4 50. Kf3 Rc1 51. Rd7+ Kh6 52. Rf7 Rf1+ 53. Kg2
Re1 54. Kf2 Rh1 55. Rxf6 Rxh4 56. Kf3 Rh3+ 57. Kf2 Rh2+ 58. Kg3 Re2 59. Kf3 Re1
60. Re6 Rf1+ 61. Kg2 Re1 62. Kf2 Rb1 63. Rxe5 g5 64. Kf3 Kh5 65. Re8 Rf1+ 66.
Kg2 Rf7 67. Re5 Kg4 68. Rd5 Rb7 69. Rd2 Rb3 70. Kf2 Rc3 71. e5 Rc6 72. Rd4+ Kf5
73. Kf3 Re6 74. Rd5 Rxe5 75. e4+ Ke6 76. Rxe5+ Kxe5 77. Kg4 Kxe4 78. Kxg5 1/2-1/2